Chauves célèbres #2 - Mort subite - Statistiques

Statistiques générales
  • Ce quiz a été pris 260 fois
  • Le résultat moyen est 9 sur 15
Answers on the Grid
Answers color-coded by a green-red scale on the quiz's grid according to % correct below.
Seal
Fabien Barthez
Thierry Henry
Lilian Thuram
Dwayne Johnson
Mike Tyson
Nicolas Canteloup
Louis Bodin
Michael Jordan
Jean-Pierre Coffe
Yann Barthès
Soprano
John Travolta
Teddy Riner
Tareek
Philippe Croizon
Philippe Katerine
Marcus Thuram
Didier Deschamps
Yannick Noah
Tibo InShape
Franck Dubosc
Laurent Ruquier
Jul
Pierre Niney
Sébastien Loeb
Sylvester Stallone
Cyril Féraud
Lionel Messi
Squeezie
 
Statistiques - réponses
Réponse % Correct
Teddy Riner
78%
Nicolas Canteloup
74%
Dwayne Johnson
73%
Soprano
73%
Thierry Henry
70%
Fabien Barthez
66%
Michael Jordan
64%
Mike Tyson
64%
Lilian Thuram
58%
Jean-Pierre Coffe
55%
Louis Bodin
52%
Seal
52%
Philippe Croizon
41%
Tareek
34%
John Travolta
21%
Aucun quiz correspondant
Distribution des résultats
% des personnes avec chaque résultat
Percentile par nombre de réponses
Votre historique - résultats
Vous n’avez pas pris ce quiz